| Tag |
First Indicator |
Second Indicator |
Subfields |
| LEADER |
00000cam a2200000 i 4500 |
| 001 |
in00000098817 |
| 005 |
20150926125525.0 |
| 008 |
791120s1979 enkaf b 00110 eng |
| 010 |
|
|
|a 79670311
|
| 015 |
|
|
|a GB***
|
| 020 |
|
|
|a 0571113486 :
|c 6.95 ($17.95)
|
| 035 |
|
|
|a (OCoLC)05433476
|
| 035 |
|
|
|9 AAL3493AM
|
| 040 |
|
|
|a DLC
|c DLC
|d m.c.
|d TXA
|d UtOrBLW
|
| 043 |
|
|
|a e-uk---
|
| 049 |
|
|
|a TXAS
|c 2 [A08597812]
|a TXAM
|c 1 [1191240]
|
| 050 |
0 |
0 |
|a SF311.3.G7
|b E9
|
| 082 |
0 |
|
|a 636.1/08/860941
|
| 100 |
1 |
|
|a Evans, George Ewart.
|
| 245 |
1 |
0 |
|a Horse power and magic /
|c George Ewart Evans.
|
| 264 |
|
1 |
|a London ;
|a Boston :
|b Faber and Faber,
|c 1979.
|
| 300 |
|
|
|a xiv, 222 pages, 6 unnumbered leaves of plates :
|b illustrations ;
|c 22 cm.
|
| 336 |
|
|
|a text
|b txt
|2 rdacontent
|
| 337 |
|
|
|a unmediated
|b n
|2 rdamedia
|
| 338 |
|
|
|a volume
|b nc
|2 rdacarrier
|
| 500 |
|
|
|a Includes index.
|
| 504 |
|
|
|a Bibliography: pages 215-216.
|
| 650 |
|
0 |
|a Draft horses
|z Great Britain.
|
| 999 |
|
|
|a MARS
|
| 999 |
f |
f |
|s baded16e-bdf0-3b29-b0b9-7f7c13f0ec41
|i 57a3aae9-7911-378c-8b2d-597e82921c83
|t 0
|
| 952 |
f |
f |
|p ric
|a Texas A&M University
|b Rellis Campus
|c Joint Library Facility
|d Remote Storage
|t 0
|e SF311.3.G7 E9
|h Library of Congress classification
|i unmediated -- volume
|m A14805237633
|
| 952 |
f |
f |
|p noncirc
|a Texas A&M University
|b College Station
|c Cushing Memorial Library & Archives
|d Cushing: Dykes (Does not check out)
|t 0
|e SF311.3.G7 E9
|h Library of Congress classification
|i unmediated -- volume
|m A14851933060
|
| 998 |
f |
f |
|a SF311.3.G7 E9
|t 0
|l Remote Storage
|
| 998 |
f |
f |
|a SF311.3.G7 E9
|t 0
|l Cushing: Dykes (Does not check out)
|